Statistics for Portland Trail Blazers Playoffs Starters

Click here to take the quiz!

General Stats

  • This quiz has been taken 124 times
    (87 since last reset)
  • The average score is 24 of 71

Answer Stats

Player% Correct
Damian Lillard
100%
C.J. McCollum
98%
Jusuf Nurkić
94%
Clyde Drexler
92%
LaMarcus Aldridge
90%
Brandon Roy
80%
Bill Walton
76%
Buck Williams
66%
Terry Porter
64%
Gerald Wallace
62%
Rasheed Wallace
62%
Damon Stoudamire
52%
Robert Covington
52%
Steve Johnson
52%
Arvydas Sabonis
50%
Scottie Pippen
48%
Steve Smith
48%
Caldwell Jones
46%
Hassan Whiteside
44%
Brian Grant
42%
Clifford Robinson
42%
Harvey Grant
42%
Jerome Kersey
42%
Kevin Duckworth
42%
Nicolas Batum
42%
Al-Farouq Aminu
40%
Carmelo Anthony
40%
Wesley Matthews
38%
Zach Randolph
38%
Mychal Thompson
36%
Andre Miller
34%
Enes Kanter
34%
Maurice Harkless
34%
Norman Powell
34%
Mason Plumlee
32%
Rod Strickland
30%
Dale Davis
28%
Johnny Davis
28%
Kiki Vandeweghe
28%
Maurice Lucas
28%
Jim Paxson
26%
Marcus Camby
26%
Robin Lopez
26%
Joel Przybilla
22%
Bonzi Wells
20%
Isaiah Rider
20%
Evan Turner
18%
Sam Bowie
18%
Sam Bowie
18%
Bob Gross
16%
Lionel Hollins
16%
Rudy Fernández
16%
Steve Blake
16%
Chris Dudley
12%
Calvin Natt
10%
Darnell Valentine
10%
Kenny Anderson
10%
Kenny Carr
10%
Larry Steele
8%
Noah Vonleh
8%
Wayne Cooper
8%
Arron Afflalo
6%
Dave Twardzik
6%
Kermit Washington
6%
Mark Bryant
6%
Steve Colter
4%
Aaron McKie
2%
Billy Ray Bates
2%
Kelvin Ransey
2%
Ron Brewer
2%
Tom Owens
2%

Score Distribution

Percentile by Number Answered

Percent of People with Each Score

Your Score History

You have not taken this quiz since the last reset